UM Logo

Marketing management in the Philippine setting/ (Record no. 15737)

MARC details
000 -LEADER
fixed length control field 00478nam a22001577a 4500
008 - FIXED-LENGTH DATA ELEMENTS--GENERAL INFORMATION
fixed length control field 201113b ||||| |||| 00| 0 eng d
020 ## - INTERNATIONAL STANDARD BOOK NUMBER
International Standard Book Number 9710800876
082 ## - DEWEY DECIMAL CLASSIFICATION NUMBER
Edition number 2000
Classification number DFil 658.8
100 ## - MAIN ENTRY--PERSONAL NAME
Personal name Del Val, Edgar P.
9 (RLIN) 42552
245 ## - TITLE STATEMENT
Title Marketing management in the Philippine setting/
Statement of responsibility, etc. Edgar P. Del Val
260 ## - PUBLICATION, DISTRIBUTION, ETC. (IMPRINT)
Place of publication, distribution, etc. Manila:
Name of publisher, distributor, etc. ADMU Press,
Date of publication, distribution, etc. 2000.
300 ## - PHYSICAL DESCRIPTION
Extent 221 pages;
Dimensions 22 cm.
500 ## - GENERAL NOTE
General note Includes index.
650 ## - SUBJECT ADDED ENTRY--TOPICAL TERM
Topical term or geographic name as entry element Marketing management.
9 (RLIN) 42555
942 ## - ADDED ENTRY ELEMENTS (KOHA)
Source of classification or shelving scheme Dewey Decimal Classification
Koha item type Filipiniana
Holdings
Withdrawn status Lost status Source of classification or shelving scheme Damaged status Not for loan Collection code Home library Current library Date acquired Source of acquisition Total Checkouts Full call number Barcode Date last seen Copy number Cost, replacement price Price effective from Koha item type
    Dewey Decimal Classification     Filipiniana UM Digos College - LIC UM Digos College - LIC 02/11/2004 Purchased   DFil 658.8 D38 2000 16616 05/15/2025 1 170.00 11/13/2020 Filipiniana
    Dewey Decimal Classification     Filipiniana UM Digos College - LIC UM Digos College - LIC 02/11/2004 Purchased   DFil 658.8 D38 2000 16618 05/15/2025 3 170.00 11/13/2020 Filipiniana
    Dewey Decimal Classification     Filipiniana UM Digos College - LIC UM Digos College - LIC 02/11/2004 Purchased   DFil 658.8 D38 2000 16617 05/15/2025 2 170.00 11/13/2020 Filipiniana